Music Quiz

Random Music or Artist Quiz

100 Tiny Album Covers Quiz Stats

Quiz Updated Jun 3, 2014

Challenge
Share
Tweet
Score 0/100 Timer 15:00
0 Plays Today
Image Artist % Correct
R1C1The Beatles
94%
R1C2Sex Pistols
93.7%
R1C3The Beatles
80.7%
R5C8David Bowie
75.8%
R4C5Pink Floyd
74%
R4C10Elvis Presley
71.9%
R4C9The Clash
71.6%
R6C5Toto
71.5%
R6C2The Beatles
71.4%
R4C7T. Rex
67.6%
R6C8Ramones
66.6%
R5C2U2
64.4%
R4C6Led Zeppelin
62.8%
R7C7Madonna
61.1%
R7C9David Bowie
61%
R9C7Fleetwood Mac
60.7%
R1C6Eagles
60%
R1C4The Rolling Stones
57.7%
R10C7U2
57.4%
R3C3Bruce Springsteen
57.2%
R1C10The Velvet Underground
56.7%
R5C10Led Zeppelin
52.5%
R5C1Pink Floyd
51.6%
R10C10The Who
49.6%
R8C3Van Halen
47.9%
R8C7Led Zeppelin
41.2%
R4C2The Who
39.4%
R1C5The Rolling Stones
38.6%
R3C5Beastie Boys
38%
R4C3Supertramp
37.6%
R3C6Patti Smith
37%
R10C9Elvis Costello
35.7%
R9C10Alice Cooper
35.1%
R10C5The Rolling Stones
34%
Image Artist % Correct
R9C4Pink Floyd
33.9%
R4C4Grace Jones
31.7%
R9C2Cream
29.7%
R8C10R.E.M.
28.5%
R10C6Steve Winwood
28.2%
R7C2King Crimson
27.6%
R8C9Bruce Springsteen
27.4%
R2C4The Cars
26.5%
R8C4Miles Davis
24.4%
R3C9The Doors
23.8%
R5C6Roxy Music
22.9%
R6C10The Smiths
22.4%
R1C7Blind Faith
22.4%
R1C8Grateful Dead
21.5%
R6C7Grateful Dead
21.5%
R7C1X
21.3%
R8C2Iggy Pop
20.9%
R10C1Miles Davis
20.6%
R10C4Madness
20.6%
R5C7Bob Dylan
20.4%
R3C2Joe Jackson
19.7%
R2C1Joni Mitchell
19.4%
R6C9Elvis Presley
19.4%
R10C2The Allman Brothers Band
19.1%
R4C8Peter Gabriel
18.9%
R2C9Jane's Addiction
18.5%
R7C3Sonic Youth
18.2%
R6C1Jimi Hendrix
18%
R10C3Frank Zappa
17.9%
R7C6Bob Dylan
17.6%
R1C9Big Brother & The Holding Company
15.6%
R6C6Emerson, Lake & Palmer
14.8%
R3C10Frank Zappa
14.5%
R2C3Santana
14.5%
Image Artist % Correct
R2C5Yes
13.4%
R5C3Talking Heads
12.1%
R2C6New Order
11.6%
R3C1Small Faces
11.2%
R10C8Midnight Oil
11.2%
R9C3Steve Miller Band
11%
R9C9Dead Kennedys
10.7%
R8C1Isaac Hayes
10.6%
R5C5Public Image Ltd.
10.3%
R7C8Sly & The Family Stone
9.9%
R2C7Deborah Harry
9.5%
R9C8Rod Stewart
9%
R8C6Traffic
8.5%
R7C5Tom Waits
8.2%
R8C8Prince
7.5%
R2C10Carly Simon
7.3%
R3C8Bow Wow Wow
6.9%
R4C1Faces
6.8%
R2C8Little Feat
6.8%
R2C2Ry Cooder
6.6%
R3C4It's a Beautiful Day
6.2%
R6C3Stevie Wonder
5.5%
R3C7John Lennon & Yoko Ono
4.7%
R5C4Bob Marley
4%
R8C5Depeche Mode
3.8%
R9C5Boz Scaggs
3.9%
R7C10Funkadelic
3.4%
R5C9Captain Beefheart
2.9%
R6C4Jerry Garcia Band
2.9%
R9C6Funkadelic
2.5%
R7C4Graham Parker
2.3%
R9C1Ohio Players
1.8%

You're not logged in!

Compare scores with friends on all Sporcle quizzes.
Join for Free
OR
Log In

You Might Also Like...

Show Comments

Extras

Top Quizzes Today


Score Distribution

Your Account Isn't Verified!

In order to create a playlist on Sporcle, you need to verify the email address you used during registration. Go to your Sporcle Settings to finish the process.

Report this User

Report this user for behavior that violates our Community Guidelines.

Details: